000 00559nam a2200145 a 4500
008 120416s2004 ||||||||||||||||| || u
050 _aIBRD(02)
110 _aWorld Bank
245 1 0 _aBrazil: equitable, competitive, sustainable, contributions for debate
260 _aWashington, D.C.
_bWorld Bank
_c2004
350 _a0.00
650 _aBRAZIL--ECONOMY POLICY
650 _aBRAZIL--SOCIAL POLICY
995 _D0.00
_FCBU-MAIN LIBRARY (Kitwe)
_H1
_I0.00
_M1
_UAVAILABLE
_WDec 17, 2007
_ZInternational Publications
999 _c36099
_d36099